00638nam a2200229Ia 4500001000600000003000900006008004100015040001300056040001300069041001300082100001600095100002900111245003300140245003200173250001100205260001200216260002500228260004900253300005500302650002000357650003100377 1805IT-RoPAU130308s9999 xx 000 0 und d aIT-RoPAU cIT-RoPAU aITALIANO aCorti Mario gCodice Aut. SPICS: 7779 aPoesia come rappresentazione bCanzoni-Poesie del Dissenso a1a ed. aVENEZIA bLa Biennale/Marsilio c1977 [1° Ed.:1977 - Ed.Ling.Originale:1977] a"6 p. (prefazione: no ; testo: 6 [pagine: 53-58])" aGENERI MUSICALI eCodice materia Spics: 7010